000 00353nam a2200145Ia 4500
008 150301s2014 xx 000 0 und d
082 _a610
_bM14M
100 _aMETHEW, K. GEORGE
245 _aMEDICINE : PREP MANUAL FOR U.G.
250 _a4TH
260 _bELSEVIER
_aINDIA
_c2014
300 _a866
650 _aGENERAL MEDICINE
942 _2ddc
_cBK
_049
999 _c6559
_d6559